Southville International School and Colleges
Your cart is empty.
  • Cart
  • Lists
    Public lists Eva Luna New books Lux_list list_1
    Your lists Log in to create your own lists
  • Log in to your account
  • Your cookies
  • Search history
Southville International School and Colleges
  • Advanced search
  • Recent comments
  • Most popular
  • Libraries

Log in to your account

Log in with GOOGLE


If you do not have an external account, but do have a local account, you can still log in:

  1. Home
  2. MARC view: The Best American Poetry 2000
Normal view MARC view ISBD view

The Best American Poetry 2000 (Record no. 35451)

[ view plain ]
MARC details
000 -LEADER
fixed length control field 00437nam a22001697a 4500
003 - CONTROL NUMBER IDENTIFIER
control field OSt
005 - DATE AND TIME OF LATEST TRANSACTION
control field 20140311130134.0
008 - FIXED-LENGTH DATA ELEMENTS--GENERAL INFORMATION
fixed length control field 130213t xxu||||| |||| 00| 0 eng d
020 ## - INTERNATIONAL STANDARD BOOK NUMBER
International Standard Book Number 0743200330
050 ## - LIBRARY OF CONGRESS CALL NUMBER
Classification number PS 615
Item number .D743 2000
082 ## - DEWEY DECIMAL CLASSIFICATION NUMBER
Classification number M 810.8
Item number B45 2000
245 ## - TITLE STATEMENT
Title The Best American Poetry 2000
Statement of responsibility, etc Dove, Rita
260 ## - PUBLICATION, DISTRIBUTION, ETC. (IMPRINT)
Place of publication, distribution, etc Boston
Name of publisher, distributor, etc Houghton Mifflin
Date of publication, distribution, etc c2000
300 ## - PHYSICAL DESCRIPTION
Extent 374 p.
Dimensions 26 cm.
942 ## - ADDED ENTRY ELEMENTS (KOHA)
Source of classification or shelving scheme Library of Congress Classification
Koha item type Books
Call number prefix

No items available.

The Best American Poetry 2000

APA

(2000). The Best American Poetry 2000. Boston: Houghton Mifflin.

Chicago

2000. The Best American Poetry 2000. Boston: Houghton Mifflin.

Harvard

(2000). The Best American Poetry 2000. Boston: Houghton Mifflin.

MLA

The Best American Poetry 2000. Boston: Houghton Mifflin. 2000.

  • Print
  • Cite
  • Add to your cart (remove)
  • Save record
    BIBTEX Dublin Core MARCXML MARC (non-Unicode/MARC-8) MARC (Unicode/UTF-8) MARC (Unicode/UTF-8, Standard) MODS (XML) RIS
  • More searches
    Search for this title in:
    Other Libraries (WorldCat) Other Databases (Google Scholar) Online Stores (Bookfinder.com) Open Library (openlibrary.org)

Exporting to Dublin Core...

SOUTHVILLE LIBRARY

Southville International School and Colleges Library

1281 Tropical Ave. Cor. Luxembourg St., BF Homes International, Las Pinas City

Tel. No. 8256374 / 252358 Loc. 117/146

Powered by Koha